000 00949nam a2200349 a 4500
003 AR-BaBNM
005 20251128204345.0
008 082120s2002 ||||||||||||||000 | spa||
020 _a968-16-1182-9
040 _cAR-BaBNM
100 1 _aLinton, Ralph
245 0 0 _aEstudio del hombre
250 _a3ª ed.
260 _aMéxico, D.F.
_bFondo de Cultura Económica
_c1992
300 _a486 p.
490 0 _aSección de obras de antropología
500 _aContiene referencias bibliográficas en p. 473-478
500 _aIndice analítico en p. 479
650 4 _aANTROPOLOGIA CULTURAL Y SOCIAL
650 4 _aCULTURA
650 4 _aFILOSOFIA CULTURAL
650 4 _aCULTUROLOGIA
650 4 _aCIVILIZACION
650 4 _aCIENCIAS SOCIALES
650 4 _aFAMILIA
650 4 _aRAZA
650 4 _aHOMBRE
650 4 _aESPECIE HUMANA
700 1 _aRubín de la Borbolla, Daniel F.
_etraductor
942 _cBK
998 _cMARTIN
999 _c7140
_d7140